<?xml version="1.0" encoding="UTF-8"?><?xml-stylesheet type="text/xsl" href="static/style.xsl"?><OAI-PMH xmlns="http://www.openarchives.org/OAI/2.0/" xmlns:xsi="http://www.w3.org/2001/XMLSchema-instance" xsi:schemaLocation="http://www.openarchives.org/OAI/2.0/ http://www.openarchives.org/OAI/2.0/OAI-PMH.xsd"><responseDate>2026-04-27T21:51:50Z</responseDate><request verb="GetRecord" identifier="oai:uvadoc.uva.es:10324/65455" metadataPrefix="marc">https://uvadoc.uva.es/oai/request</request><GetRecord><record><header><identifier>oai:uvadoc.uva.es:10324/65455</identifier><datestamp>2024-01-31T20:00:54Z</datestamp><setSpec>com_10324_1142</setSpec><setSpec>com_10324_931</setSpec><setSpec>com_10324_894</setSpec><setSpec>col_10324_1259</setSpec></header><metadata><record xmlns="http://www.loc.gov/MARC21/slim" xmlns:doc="http://www.lyncode.com/xoai" xmlns:xsi="http://www.w3.org/2001/XMLSchema-instance" xmlns:dcterms="http://purl.org/dc/terms/" xsi:schemaLocation="http://www.loc.gov/MARC21/slim http://www.loc.gov/standards/marcxml/schema/MARC21slim.xsd">
<leader>00925njm 22002777a 4500</leader>
<datafield tag="042" ind1=" " ind2=" ">
<subfield code="a">dc</subfield>
</datafield>
<datafield tag="720" ind1=" " ind2=" ">
<subfield code="a">Cavia Naya, María Victoria</subfield>
<subfield code="e">author</subfield>
</datafield>
<datafield tag="260" ind1=" " ind2=" ">
<subfield code="c">2020</subfield>
</datafield>
<datafield tag="520" ind1=" " ind2=" ">
<subfield code="a">"El objetivo general que me propongo es el de mostrar que entre los mecanismos de configuración y reproducción de la danza española como género, se encuentran mujeres que triunfaron fuera de España en el teatro de la diversión. Es el caso de Carmencita, cuya contribución se hace desde la reinvención de la tradición sobre el sustrato popular y académico de los bailes españoles, en el contexto de prácticas artísticas y sociales modernas y urbanas. El objetivo más específico es el de determinar algunos de los rasgos estilísticos, técnicos y estéticos que se aportan a la construcción de la danza española a finales del siglo XIX desde el teatro del entretenimiento." [Texto extraído de la introducción]</subfield>
</datafield>
<datafield tag="024" ind2=" " ind1="8">
<subfield code="a">Miguel Borras, Mercedes; Cea Navas, Ana I. (eds). El cortometraje, valoración y grandeza del formato. Valencia: Tirant Humanidades, 2020, p. 325-340</subfield>
</datafield>
<datafield tag="024" ind2=" " ind1="8">
<subfield code="a">978-84-18155-57-4</subfield>
</datafield>
<datafield tag="024" ind2=" " ind1="8">
<subfield code="a">https://uvadoc.uva.es/handle/10324/65455</subfield>
</datafield>
<datafield tag="024" ind2=" " ind1="8">
<subfield code="a">325</subfield>
</datafield>
<datafield tag="024" ind2=" " ind1="8">
<subfield code="a">340</subfield>
</datafield>
<datafield tag="024" ind2=" " ind1="8">
<subfield code="a">El cortometraje. Valoración y grandeza del formato</subfield>
</datafield>
<datafield ind1=" " ind2=" " tag="653">
<subfield code="a">Musica - Siglo XIX - XX - España</subfield>
</datafield>
<datafield ind1=" " ind2=" " tag="653">
<subfield code="a">Cine</subfield>
</datafield>
<datafield tag="245" ind1="0" ind2="0">
<subfield code="a">Carmencita triunfa en Nueva York: la Danza Española desde el teatro de la diversión y el cine primitivo</subfield>
</datafield>
</record></metadata></record></GetRecord></OAI-PMH>